书目信息 |
| 题名: |
清香型白酒生产技术
|
|
| 作者: | 康明官 编著 | |
| 分册: | ||
| 出版信息: | 北京 化学工业出版社 2005 |
|
| 页数: | 332页 | |
| 开本: | 21cm | |
| 丛书名: | ||
| 单 册: | ||
| 中图分类: | TS262.3 | |
| 科图分类: | ||
| 主题词: | 白酒--酿造 , 白酒 , 酿造 | |
| 电子资源: | ||
| ISBN: | 7-5025-6747-X | |
| 000 | 00893nam0 2200253 450 | |
| 001 | 012007436918 | |
| 005 | 20070517143000.60 | |
| 010 | @a7-5025-6747-X@dCNY28.00 | |
| 100 | ea | @a20070516d2005 km y0chiy0120 ea |
| 101 | 0 | @achi |
| 102 | @aCN@b110000 | |
| 105 | @aa z 000yy | |
| 106 | @ar | |
| 200 | 1 | @a清香型白酒生产技术@Aqing xiang xing bai jiu sheng chan ji shu@f康明官编著@Fkang ming guan bian zhu |
| 210 | @a北京@c化学工业出版社@d2005 | |
| 215 | @a332页@c图@d21cm | |
| 330 | @a本书是一部完整介绍各类清香型白酒生产技术的实用技术类图书,凝聚了作者几十年来产、学、研的成果和经验,其内容涵盖大曲清香型白酒、小曲清香型白酒、根霉麸曲清香型白酒、麸曲清香型白酒四大支系,填补了此类图书的空白。 | |
| 606 | 0 | @a白酒@x酿造 |
| 606 | 0 | @a白酒 |
| 606 | 0 | @a酿造 |
| 690 | @aTS262.3@v4 | |
| 701 | 0 | @a康明官@Akang ming guan@4编著 |
| 801 | 0 | @aCN@bRULIN@c20070517 |
| 905 | @dTS262.3@e60@s10 | |
| 清香型白酒生产技术/康明官编著.-北京:化学工业出版社,2005 |
| 332页:图;21cm |
| ISBN 7-5025-6747-X:CNY28.00 |
| 本书是一部完整介绍各类清香型白酒生产技术的实用技术类图书,凝聚了作者几十年来产、学、研的成果和经验,其内容涵盖大曲清香型白酒、小曲清香型白酒、根霉麸曲清香型白酒、麸曲清香型白酒四大支系,填补了此类图书的空白。 |
| ● |
| 相关链接 |
|
|
|
|
正题名:清香型白酒生产技术
索取号:TS262.3/60
 
预约/预借
| 序号 | 登录号 | 条形码 | 馆藏地/架位号 | 状态 | 备注 |
| 1 | 0574779 | 205747799 | 第二样本阅览室/ [索取号:TS262.3/60] | 在馆 | |
| 2 | 0574780 | 205747806 | 第三借阅区/ [索取号:TS262.3/60] | 在馆 | |
| 3 | 0574781 | 205747815 | 第三借阅区/ [索取号:TS262.3/60] | 在馆 | |
| 4 | 0574782 | 205747824 | 第三借阅区/ [索取号:TS262.3/60] | 在馆 | |
| 5 | 0574783 | 205747833 | 第三借阅区/ [索取号:TS262.3/60] | 在馆 | |
| 6 | 0574784 | 205747842 | 第三借阅区/ [索取号:TS262.3/60] | 在馆 | |
| 7 | 0574785 | 205747851 | 第三借阅区/ [索取号:TS262.3/60] | 在馆 | |
| 8 | 0574786 | 205747860 | 第三借阅区/ [索取号:TS262.3/60] | 在馆 | |
| 9 | 0574787 | 205747879 | 第三借阅区/ [索取号:TS262.3/60] | 在馆 | |
| 10 | 0574788 | 205747888 | 第三借阅区/ [索取号:TS262.3/60] | 在馆 |